000 00291nam a2200097Ia 4500
082 _a821|MASH
245 0 _aJourney with me
100 _a Mashego, Goodenough. , 1973- Elim Hospital, Limpopo, South Africa, 2005
_953015
942 _cBK
008 210817s9999 xx 000 0 und d
999 _c168504
_d168503